[Event "Cetinje Dragasevic Memorial"]
[Site "Cetinje"]
[Date "2024.06.25"]
[Round "5"]
[White "Loncar, Milenko"]
[Black "Nikolic, Nebojsa"]
[Result "0-1"]
[WhiteElo "2038"]
[BlackElo "2244"]
[PlyCount "75"]
[EventDate "2024.06.22"]
[EventType "swiss"]
[EventRounds "9"]
[EventCountry "MNE"]
[SourceTitle "CBM 220 Extra"]
[Source "ChessBase"]
[SourceDate "2024.07.31"]
[SourceVersion "1"]
[SourceVersionDate "2024.07.31"]
[SourceQuality "1"]

1. Nf3 c5 2. g3 Nc6 3. Bg2 g6 4. d3 Bg7 5. h4 h6 6. h5 g5 7. c3 d5 8. Be3 d4 9. Bd2 g4 10. Nh2 Nf6 11. e3 0-0 12. cxd4 cxd4 13. e4 Ne5 14. Bf1 Nxh5 15. Be2 Nf6 16. f4 gxf3 17. Nxf3 Neg4 18. Qc1 Be6 19. Bxh6 Nxh6 20. Rxh6 Qa5+ 21. b4 Qxb4+ 22. Kf1 Rfc8 23. Qg5 Qb2 24. Nbd2 Qxa1+ 25. Kg2 Qc3 26. e5 Nh7 27. Rxh7 Kxh7 28. Qh5+ Kg8 29. Ne4 Qa5 30. Neg5 Rc2 31. Nxd4 Rxe2+ 32. Nxe2 Qxe5 33. Nf4 Bd5+ 34. Kh2 Rc8 35. Qg4 Rc2+ 36. Kh3 Rc6 37. Qd7 Qxg5 38. Qxb7 0-1

[Event "MNE-ch 76th"]
[Site "Podgorica"]
[Date "2024.02.11"]
[Round "7"]
[White "Loncar, Milenko"]
[Black "Popovic, Nikola"]
[Result "1/2-1/2"]
[WhiteElo "2026"]
[BlackElo "1433"]
[PlyCount "88"]
[EventDate "2024.02.06"]
[EventType "swiss"]
[EventRounds "11"]
[EventCountry "MNE"]
[SourceTitle "CBM 218 Extra"]
[Source "ChessBase"]
[SourceDate "2024.03.31"]
[SourceVersion "1"]
[SourceVersionDate "2024.03.31"]
[SourceQuality "1"]

1. Nf3 Nf6 2. g3 g6 3. Bg2 Bg7 4. d3 0-0 5. Bd2 d5 6. Qc1 c5 7. Bh6 Nc6 8. h4 Bg4 9. Nh2 Bf5 10. h5 Nd4 11. Bxg7 Kxg7 12. hxg6 hxg6 13. c3 Nc6 14. Nd2 e5 15. Ndf3 Rh8 16. Nh4 Be6 17. f4 Qd7 18. N2f3 e4 19. Ng5 exd3 20. exd3 Rae8 21. 0-0 Bf5 22. Qd2 Ng4 23. Rae1 Rxe1 24. Rxe1 d4 25. Nxf5+ Qxf5 26. cxd4 cxd4 27. Bxc6 bxc6 28. Qb4 Qd5 29. Ne4 Rh2 30. Rc1 a5 31. Qb6 Qh5 32. Qxd4+ Kh7 33. Ng5+ Kg8 34. Qe4 Nf6 35. Qf3 Rxb2 36. Qxh5 Nxh5 37. Rxc6 Rxa2 38. Rc8+ Kg7 39. Rc7 Nxg3 40. Rxf7+ Kg8 41. Rf6 Kg7 42. Rf7+ Kg8 43. Rf6 Kg7 44. Rf7+ Kg8 1/2-1/2

[Event "MNT-chT"]
[Site "Podgorica"]
[Date "2020.10.14"]
[Round "8.4"]
[White "Vujovic, Savo"]
[Black "Loncar, Milenko"]
[Result "1-0"]
[WhiteElo "2118"]
[BlackElo "2010"]
[PlyCount "101"]
[EventDate "2020.10.09"]
[EventType "team-tourn"]
[EventRounds "9"]
[EventCountry "MNE"]
[SourceTitle "CBM 198 Extra"]
[Source "ChessBase"]
[SourceDate "2020.11.30"]
[SourceVersion "1"]
[SourceVersionDate "2020.11.30"]
[SourceQuality "1"]
[WhiteTeam "Crnogorac"]
[BlackTeam "Rudar"]
[WhiteTeamCountry "MNE"]
[BlackTeamCountry "MNE"]

1. e4 d6 2. d4 g6 3. Nc3 Bg7 4. Be3 c6 5. Qd2 Qa5 6. 0-0-0 b5 7. Kb1 b4 8. Nce2 c5 9. Nc1 Qc7 10. dxc5 dxc5 11. Bxc5 Nd7 12. Bd4 Ngf6 13. f3 Rb8 14. g4 0-0 15. h4 Ne5 16. Qh2 Nfd7 17. h5 Re8 18. hxg6 hxg6 19. f4 Bb7 20. fxe5 Bxe4 21. e6 Qxh2 22. Rxh2 Nf6 23. Bc4 fxe6 24. Bxe6+ Kf8 25. g5 Red8 26. gxf6 Bxf6 27. Bxf6 exf6 28. Rh8+ Ke7 29. Rdxd8 Rxd8 30. Rxd8 Kxd8 31. Nce2 Ke7 32. Bg4 g5 33. Ng3 Bh7 34. Kc1 Kd6 35. Nf3 a5 36. Kd2 a4 37. Bf5 Bg8 38. Ne4+ Ke7 39. b3 a3 40. Ne1 Bd5 41. Nd3 Bxe4 42. Bxe4 Ke6 43. Nxb4 Ke5 44. Ke3 f5 45. Nd3+ Kf6 46. Ba8 Kg6 47. c4 Kf6 48. c5 Ke6 49. b4 Kd7 50. b5 Kc7 51. Bh1 1-0

[Event "MNT-chT 1st League"]
[Site "Podgorica"]
[Date "2019.07.22"]
[Round "3.7"]
[White "Pobor, Milo"]
[Black "Loncar, Milenko"]
[Result "1-0"]
[WhiteElo "2067"]
[BlackElo "2033"]
[PlyCount "89"]
[EventDate "2019.07.20"]
[EventType "team-tourn"]
[EventRounds "9"]
[EventCountry "MNE"]
[SourceTitle "EXT 2020"]
[Source "ChessBase"]
[SourceDate "2019.10.17"]
[SourceVersion "1"]
[SourceVersionDate "2019.10.17"]
[SourceQuality "1"]
[WhiteTeam "Crnogorac"]
[BlackTeam "Rudar"]
[WhiteTeamCountry "MNE"]
[BlackTeamCountry "MNE"]

1. e4 d6 2. d4 Nf6 3. Nc3 g6 4. f3 Bg7 5. Be3 c6 6. Qd2 h6 7. a4 Qa5 8. Bd3 e5 9. Nge2 Nbd7 10. 0-0 exd4 11. Nxd4 Ne5 12. Be2 d5 13. Nxd5 Qxd2 14. Nxf6+ Bxf6 15. Bxd2 Nd3 16. Bc3 Nf4 17. Bc4 0-0 18. Rfe1 a6 19. Nxc6 Bh4 20. g3 Nh3+ 21. Kg2 bxc6 22. gxh4 Nf4+ 23. Kf2 Be6 24. Bxe6 Nxe6 25. Rad1 g5 26. hxg5 hxg5 27. h4 Kh7 28. hxg5 Kg6 29. Ke3 Rfd8 30. f4 Rxd1 31. Rxd1 Nc5 32. Rh1 f5 33. Rh6+ Kf7 34. Rf6+ Kg8 35. exf5 Nxa4 36. Rxc6 a5 37. b3 Re8+ 38. Be5 Nb2 39. Kd2 Rd8+ 40. Rd6 Nc4+ 41. bxc4 Ra8 42. Rg6+ Kf7 43. Rg7+ Kf8 44. Rh7 Rd8+ 45. Kc1 1-0

[Event "MNT-ch sf"]
[Site "Podgorica"]
[Date "2018.03.18"]
[Round "7"]
[White "Loncar, Milenko"]
[Black "Mitrovic, Miroslav"]
[Result "1-0"]
[WhiteElo "2055"]
[BlackElo "2031"]
[PlyCount "71"]
[EventDate "2018.03.15"]
[EventType "swiss"]
[EventRounds "9"]
[EventCountry "MNE"]
[SourceTitle "EXT 2019"]
[Source "ChessBase"]
[SourceDate "2018.10.10"]
[SourceVersion "1"]
[SourceVersionDate "2018.10.10"]
[SourceQuality "1"]

1. Nf3 e6 2. g3 d5 3. Bg2 Nf6 4. c4 c6 5. 0-0 Nbd7 6. Qc2 Bd6 7. d3 0-0 8. b3 Re8 9. Nbd2 e5 10. cxd5 Nxd5 11. Nc4 Bc7 12. Bb2 N5b6 13. Rac1 Nxc4 14. Qxc4 Qe7 15. Nd2 Bb6 16. h3 Nf6 17. Kh2 Be6 18. Qh4 Nd7 19. Qa4 Bc7 20. Ba3 Bd6 21. Bxd6 Qxd6 22. Ne4 Qe7 23. f4 exf4 24. Rxf4 Bd5 25. Qd4 Qe5 26. Qf2 Qb2 27. Rf1 Re7 28. h4 f6 29. g4 h6 30. g5 hxg5 31. hxg5 fxg5 32. Rf5 Bxe4 33. Bxe4 Nf6 34. Rxg5 Kf7 35. Bg6+ Kg8 36. e4 1-0

[Event "MNT-ch sf"]
[Site "Niksic"]
[Date "2017.02.21"]
[Round "7"]
[White "Djukanovic, Mitar"]
[Black "Loncar, Milenko"]
[Result "0-1"]
[WhiteElo "1810"]
[BlackElo "2079"]
[PlyCount "66"]
[EventDate "2017.02.17"]
[EventType "swiss"]
[EventRounds "7"]
[EventCountry "MNE"]
[SourceTitle "CBM 177 Extra"]
[Source "ChessBase"]
[SourceDate "2017.04.27"]
[SourceVersion "1"]
[SourceVersionDate "2017.04.27"]
[SourceQuality "1"]

1. d4 d6 2. c4 Nf6 3. Nc3 g6 4. e4 Bg7 5. Be2 c5 6. d5 0-0 7. Bg5 h6 8. Be3 Nbd7 9. Qd2 Kh7 10. f3 Ng8 11. g4 a6 12. Nh3 Ne5 13. Nf2 b5 14. cxb5 axb5 15. Nxb5 Ba6 16. Nc3 Nc4 17. Bxc4 Bxc4 18. Nd3 Qb6 19. Nc1 Rfb8 20. Rb1 Qb4 21. Nd1 Bxa2 22. Qxb4 Rxb4 23. Ra1 Bxd5 24. Rxa8 Bxa8 25. b3 f5 26. gxf5 gxf5 27. exf5 Bxf3 28. Rf1 Bd5 29. Bd2 Rb8 30. Rf4 Bxb3 31. Ne3 Nf6 32. Ng4 Nxg4 33. Rxg4 Bc2 0-1

[Event "MNT-ch sf"]
[Site "Niksic"]
[Date "2017.02.18"]
[Round "3"]
[White "Loncar, Milenko"]
[Black "Krstonijevic, Bozidar"]
[Result "1-0"]
[WhiteElo "2079"]
[BlackElo "1786"]
[PlyCount "38"]
[EventDate "2017.02.17"]
[EventType "swiss"]
[EventRounds "7"]
[EventCountry "MNE"]
[SourceTitle "CBM 177 Extra"]
[Source "ChessBase"]
[SourceDate "2017.04.27"]
[SourceVersion "1"]
[SourceVersionDate "2017.04.27"]
[SourceQuality "1"]

1. Nf3 d5 2. g3 c6 3. Bg2 Nf6 4. 0-0 g6 5. d3 Bg7 6. Nc3 d4 7. Nb1 0-0 8. Bf4 Nd5 9. Be5 Bxe5 10. Nxe5 Nd7 11. Nf3 Qb6 12. Qc1 N7f6 13. Nbd2 Bg4 14. a3 Rad8 15. Nc4 Qc7 16. Nxd4 b5 17. Nd2 Nh5 18. e3 e5 19. N4f3 Nhf4 1-0